| 000 | 00880nam a2200265 a 4500 | ||
|---|---|---|---|
| 001 | 4746300 | ||
| 003 | OSt | ||
| 005 | 20180116182947.0 | ||
| 008 | 850515s1984 enk b 000 0 eng | ||
| 010 | _a 84240502 | ||
| 020 |
_a0862261163 : _c£1.00 |
||
| 040 |
_aDLC _cDLC _dDLC |
||
| 043 | _ae-uk--- | ||
| 050 | 0 | 0 |
_aZ7161 _b.A2217 1984 _aH61 |
| 082 | 0 | 0 |
_a016.3 _219 |
| 245 | 0 | 0 |
_a1000 items of social science research : _bresearch reported to ESRC. |
| 260 |
_a[London : _bEconomic and Social Research Council, _cc1984] |
||
| 300 |
_a[52], xxiv p. ; _c21 cm. |
||
| 650 | 0 |
_aSocial sciences _xBibliography. |
|
| 650 | 0 |
_aSocial sciences _zGreat Britain _xBibliography. |
|
| 710 | 2 | _aEconomic and Social Research Council (Great Britain) | |
| 740 | 0 | _aOne thousand items of social science research. | |
| 906 |
_a7 _bcbc _corignew _d3 _encip _f19 _gy-gencatlg |
||
| 942 |
_2ddc _cBK |
||
| 999 |
_c349373 _d349373 |
||